[Event "Rated Blitz tournament autumn21"]
[Site "?"]
[Date "2021.10.23"]
[Round "?"]
[White "Genius_of_the_game"]
[Black "MischieviousPawn"]
[Result "1-0"]
[WhiteElo "2456"]
[BlackElo "2446"]
[PlyCount "57"]
[EventDate "2021.??.??"]
[EventType "blitz"]

1. e4 e5 2. Nf3 d5 3. exd5 e4 4. Qe2 Nf6 5. d3 Qxd5 6. Nfd2 Qa5 7. Nc3 Nc6 8.
Ndxe4 Be6 9. Nxf6+ gxf6 10. Be3 Bb4 11. Qd2 O-O-O 12. Be2 Rhg8 13. g3 Bd5 14.
O-O Ne5 15. f4 Ng4 16. Bxg4+ Rxg4 17. a3 Bxc3 18. Qxc3 Qa6 19. Bd4 Rdg8 20.
Rae1 Rxg3+ 21. hxg3 Rxg3+ 22. Kh2 Rg2+ 23. Kh3 f5 24. Bf6 b6 25. Re8+ Kb7 26.
Re7 Bc6 27. Be5 Rg6 28. Rxc7+ Ka8 29. Rxc6 {Normal} 1-0

[Event "Rated Blitz tournament autumn21"]
[Site "?"]
[Date "2021.10.23"]
[Round "?"]
[White "GuriEmpire"]
[Black "MischieviousPawn"]
[Result "1/2-1/2"]
[WhiteElo "2615"]
[BlackElo "2333"]
[PlyCount "67"]
[EventDate "2021.??.??"]
[EventType "blitz"]

1. e4 e5 2. Nf3 d5 3. Nxe5 Bd6 4. d4 dxe4 5. Bc4 Bxe5 6. dxe5 Qxd1+ 7. Kxd1 Nc6
8. Bf4 Bg4+ 9. Ke1 O-O-O 10. Nd2 Nd4 11. Bb3 Be6 12. Rc1 Bxb3 13. axb3 Ne7 14.
Nxe4 Ng6 15. Bg3 Rhe8 16. f4 f6 17. Kf2 fxe5 18. fxe5 Nxe5 19. Bxe5 Rxe5 20.
Rhe1 Rf8+ 21. Ke3 Nf5+ 22. Kf4 Rfe8 23. Rcd1 g5+ 24. Kxg5 Nd6+ 25. Kh6 Nxe4 26.
g3 R8e6+ 27. Kg7 Rg5+ 28. Kxh7 Rh5+ 29. Kg7 Re7+ 30. Kg6 Rg5+ 31. Kh6 Re6+ 32.
Kh7 Nf6+ 33. Kh6 Ne4+ 34. Kh7 {Normal} 1/2-1/2

[Event "Rated Blitz tournament autumn21"]
[Site "?"]
[Date "2021.10.23"]
[Round "?"]
[White "deathreaper1999"]
[Black "Maltinho"]
[Result "0-1"]
[WhiteElo "2460"]
[BlackElo "2535"]
[PlyCount "60"]
[EventDate "2021.??.??"]
[EventType "blitz"]

1. e4 e5 2. Nf3 d5 3. Nxe5 Bd6 4. d4 dxe4 5. Bc4 Bxe5 6. dxe5 Qxd1+ 7. Kxd1 Nc6
8. f4 Bg4+ 9. Ke1 O-O-O 10. Kf2 Nd4 11. Na3 Nh6 12. Be3 Ndf5 13. h3 Bh5 14. g4
Bxg4 15. Bxf7 Bf3 16. Be6+ Kb8 17. Rhg1 g6 18. Nc4 Rhe8 19. Bxf5 Nxf5 20. c3
Rd3 21. Nd2 Rxe3 22. Rae1 Rd3 23. Nxe4 Bxe4 24. Rxe4 Rxh3 25. e6 Rh2+ 26. Kf3
Rd2 27. Rh1 Re7 28. Re5 Rd6 29. Rg1 Rdxe6 30. Rd5 c6 {Normal} 0-1

[Event "Rated Blitz game"]
[Site "?"]
[Date "2021.10.23"]
[Round "?"]
[White "r3fut4d0vsky"]
[Black "alaeldin1212"]
[Result "1-0"]
[WhiteElo "2458"]
[BlackElo "2412"]
[PlyCount "101"]
[EventDate "2021.??.??"]
[EventType "blitz"]

1. e4 e5 2. Nf3 d5 3. exd5 e4 4. Qe2 Nf6 5. Nc3 Be7 6. Nxe4 O-O 7. d3 Nxd5 8.
c4 Bb4+ 9. Bd2 Bxd2+ 10. Qxd2 Nb6 11. Be2 Nc6 12. O-O Bg4 13. Rfe1 Bxf3 14.
Bxf3 Ne5 15. Re3 f5 16. Nc3 Nbxc4 17. Bd5+ Qxd5 18. Nxd5 Nxd2 19. Rxe5 Rad8 20.
Rd1 Rfe8 21. Rxe8+ Rxe8 22. Nc3 b5 23. b4 a5 24. bxa5 b4 25. Nd5 Rd8 26. Nxb4
Ne4 27. a6 Nc3 28. Re1 Nb5 29. Nc6 Rxd3 30. a7 Ra3 31. Re8+ Kf7 32. a8=Q Rc3
33. Rf8+ Kg6 34. Qe8+ Kh6 35. h4 Nd6 36. Qe6+ g6 37. Ne5 Rc1+ 38. Kh2 Ne4 39.
Nd3 Rd1 40. Rxf5 Nd2 41. Qe3+ Kg7 42. Qe5+ Kh6 43. Qf4+ Kg7 44. Rf7+ Kg8 45.
Rf8+ Kg7 46. Qf6+ Kh6 47. Qg5+ Kg7 48. Qe7+ Kh6 49. Ne5 Nf3+ 50. Nxf3 Rd5 51.
Rf7 {Normal} 1-0

[Event "Rated Blitz tournament autumn21"]
[Site "?"]
[Date "2021.10.23"]
[Round "?"]
[White "RusChessCoach"]
[Black "Maltinho"]
[Result "1-0"]
[WhiteElo "2497"]
[BlackElo "2542"]
[PlyCount "104"]
[EventDate "2021.??.??"]
[EventType "blitz"]

1. e4 e5 2. Nf3 d5 3. Nxe5 Bd6 4. d4 dxe4 5. Bc4 Bxe5 6. dxe5 Qxd1+ 7. Kxd1 Nc6
8. Bf4 Bf5 9. Nc3 Nge7 10. h3 Ng6 11. Be3 O-O-O+ 12. Ke2 Ngxe5 13. Bd5 Rhe8 14.
Rad1 Bg6 15. Bxc6 Nxc6 16. Rxd8+ Rxd8 17. Rd1 Rxd1 18. Kxd1 Kd7 19. Kd2 b6 20.
Bf4 Nd4 21. Be5 Ne6 22. Ke3 f6 23. Bg3 f5 24. Nb5 a6 25. Nd4 c5 26. Nxe6 Kxe6
27. c3 Be8 28. Bc7 b5 29. Kf4 Bd7 30. h4 Kd5 31. b3 g6 32. Kg5 b4 33. cxb4 cxb4
34. Kh6 Kd4 35. Kxh7 Be8 36. Kg7 Kc3 37. Kf8 Bb5 38. Be5+ Kc2 39. Kg7 Be8 40.
Kf8 Bb5 41. Kg7 Be8 42. Kf8 Bc6 43. Kf7 Kb1 44. Kxg6 Kxa2 45. Kxf5 Be8 46. g4
Kxb3 47. h5 a5 48. h6 Bd7+ 49. Kg5 e3 50. fxe3 Bc6 51. h7 a4 52. h8=Q Ka3 {
Normal} 1-0

[Event "Rated Blitz tournament autumn21"]
[Site "?"]
[Date "2021.10.23"]
[Round "?"]
[White "MEFE-GIO"]
[Black "Maltinho"]
[Result "1-0"]
[WhiteElo "2358"]
[BlackElo "2567"]
[PlyCount "83"]
[EventDate "2021.??.??"]
[EventType "blitz"]

1. e4 e5 2. Nf3 d5 3. exd5 Bd6 4. Nc3 Nf6 5. Bc4 O-O 6. d3 Re8 7. O-O Bg4 8.
Bg5 h6 9. Bxf6 Qxf6 10. Ne4 Qg6 11. Kh1 f5 12. Nxd6 cxd6 13. h3 Bh5 14. Re1 e4
15. dxe4 fxe4 16. g4 exf3 17. gxh5 Rxe1+ 18. Qxe1 Qxh5 19. Qe6+ Kh8 20. Qc8+
Kh7 21. Bd3+ g6 22. Qxb7+ Kg8 23. Qc8+ Kg7 24. Rg1 g5 25. Rg3 Qf7 26. h4 Qh5
27. Qb7+ Kf6 28. Qxa8 Nd7 29. Qd8+ Ke5 30. Qxd7 Qxh4+ 31. Kg1 Qf4 32. Qe6+ Kd4
33. Rg4 Kc5 34. Rxf4 gxf4 35. Qe4 a5 36. Qxf3 Kb6 37. Qxf4 Kc7 38. Qxh6 Kb6 39.
Qxd6+ Ka7 40. Qc7+ Ka8 41. d6 a4 42. Be4# {Normal} 1-0

[Event "Rated Blitz tournament autumn21"]
[Site "?"]
[Date "2021.10.23"]
[Round "?"]
[White "Lxcasch"]
[Black "MischieviousPawn"]
[Result "1-0"]
[WhiteElo "2747"]
[BlackElo "2486"]
[PlyCount "47"]
[EventDate "2021.??.??"]
[EventType "blitz"]

1. e4 e5 2. Nf3 d5 3. Nxe5 Bd6 4. d4 dxe4 5. Nc4 Nf6 6. Be2 Nc6 7. Nxd6+ Qxd6
8. c3 Bf5 9. O-O h5 10. f3 exf3 11. Bxf3 Bg6 12. Bf4 Qd7 13. Re1+ Kf8 14. Qb3
Nd8 15. Nd2 c6 16. Nc4 Kg8 17. Ne5 Qf5 18. Nxg6 Qxg6 19. Re5 Kh7 20. Bd1 Ne6
21. Rxe6 fxe6 22. Bc2 Rhe8 23. Bxg6+ Kxg6 24. Qc2+ {Time forfeit} 1-0

[Event "Rated Blitz game"]
[Site "?"]
[Date "2021.10.23"]
[Round "?"]
[White "Gop-gop"]
[Black "Dzon_Vejn"]
[Result "1-0"]
[WhiteElo "2493"]
[BlackElo "2508"]
[PlyCount "71"]
[EventDate "2021.??.??"]
[EventType "blitz"]

1. e4 e5 2. Nf3 d5 3. Nxe5 Bd6 4. d4 dxe4 5. Nc4 Be7 6. Nc3 Nf6 7. Bg5 Bf5 8.
Ne3 Bg6 9. Bc4 O-O 10. O-O Nc6 11. d5 Ne5 12. Bb3 a5 13. a4 h6 14. Bh4 Ned7 15.
Re1 Nc5 16. Bc4 Nh5 17. Bg3 Nxg3 18. hxg3 Bf6 19. Qd2 Re8 20. Rad1 c6 21. d6
Bxc3 22. Qxc3 Nxa4 23. Qd4 Nb6 24. Ba2 Nd7 25. Ng4 Qg5 26. Ne3 Rad8 27. Qa7 Rb8
28. Rd4 Qc5 29. Qxc5 Nxc5 30. d7 Red8 31. Red1 Kf8 32. Nc4 Ne6 33. Rd6 a4 34.
Ne5 Nc7 35. Rxg6 fxg6 36. Nxg6# {Normal} 1-0

[Event "Rated Blitz tournament autumn21"]
[Site "?"]
[Date "2021.10.23"]
[Round "?"]
[White "RusChessCoach"]
[Black "Artem_0degov"]
[Result "1/2-1/2"]
[WhiteElo "2487"]
[BlackElo "2495"]
[PlyCount "53"]
[EventDate "2021.??.??"]
[EventType "blitz"]

1. e4 e5 2. Nf3 d5 3. Nxe5 Bd6 4. d4 dxe4 5. Nc4 Nf6 6. Nc3 O-O 7. Be2 Nc6 8.
O-O Nxd4 9. Be3 Nxe2+ 10. Qxe2 Bg4 11. Qe1 Qe7 12. a3 Rad8 13. Nxd6 Qxd6 14.
Bg5 Rfe8 15. h3 Bf5 16. Qe3 h6 17. Rad1 Qe6 18. Bf4 c6 19. Qxa7 b5 20. Qe3 Nd5
21. Nxd5 Rxd5 22. Rxd5 Qxd5 23. b3 Rd8 24. a4 bxa4 25. bxa4 Qc4 26. a5 Qxc2 27.
a6 {Normal} 1/2-1/2

[Event "Rated Blitz game"]
[Site "?"]
[Date "2021.10.23"]
[Round "?"]
[White "slave-trajkoski"]
[Black "Dzon_Vejn"]
[Result "0-1"]
[WhiteElo "2463"]
[BlackElo "2516"]
[PlyCount "140"]
[EventDate "2021.??.??"]
[EventType "blitz"]

1. e4 e5 2. Nf3 d5 3. d4 dxe4 4. Nxe5 Bd6 5. Nc4 Be7 6. Nc3 Nf6 7. Be2 Bf5 8.
O-O O-O 9. Bg5 h6 10. Bh4 Nc6 11. d5 Nb4 12. Ne3 Bg6 13. a3 Nbxd5 14. Nexd5
Nxd5 15. Qxd5 Qxd5 16. Nxd5 Bxh4 17. Rad1 c6 18. Nf4 Bf5 19. Bc4 Rad8 20. c3
Bg4 21. f3 exf3 22. Rxd8 Rxd8 23. gxf3 Bf5 24. Ng2 Bg5 25. f4 Bf6 26. Ne3 Bc8
27. Rd1 Rxd1+ 28. Nxd1 Kf8 29. Kf2 b5 30. Bb3 Ke7 31. Ne3 Bh4+ 32. Kf3 Be1 33.
Ke2 Bh4 34. Kf3 g6 35. Ba2 f5 36. Bb3 a5 37. a4 Be6 38. Bxe6 Kxe6 39. b3 Kd6
40. c4 bxa4 41. bxa4 Kc5 42. Ke2 Kd4 43. c5 Kxc5 44. Kd3 Kb4 45. Nc4 Kxa4 46.
Ne5 g5 47. Nxc6 gxf4 48. Nd4 Kb4 49. Nxf5 a4 50. Nxh4 a3 51. Kc2 Kc4 52. Ng6 f3
53. Ne5+ Kd4 54. Nxf3+ Ke3 55. Nh4 Kf4 56. Ng6+ Kg5 57. Ne5 Kf5 58. Nf7 h5 59.
Nd6+ Kf4 60. Nf7 h4 61. Nh6 Kg5 62. Nf7+ Kf6 63. Nd6 Ke5 64. Nc4+ Kf4 65. Nd2
Ke3 66. Nf1+ Kf2 67. Nd2 Kg2 68. Ne4 Kf3 69. Ng5+ Kg4 70. Ne4 a2 {Time forfeit}
0-1

[Event "Rated Blitz tournament autumn21"]
[Site "?"]
[Date "2021.10.23"]
[Round "?"]
[White "DrChessAlawi"]
[Black "Artem_0degov"]
[Result "0-1"]
[WhiteElo "2583"]
[BlackElo "2566"]
[PlyCount "74"]
[EventDate "2021.??.??"]
[EventType "blitz"]

1. e4 e5 2. Nf3 d5 3. exd5 e4 4. Nd4 Qxd5 5. Nb3 Qe5 6. Nc3 Nf6 7. Be2 Bd6 8.
d4 exd3 9. cxd3 Nc6 10. d4 Qe7 11. Be3 O-O 12. Qd2 Bf5 13. O-O Rad8 14. Bf3
Rfe8 15. Bxc6 bxc6 16. Rfe1 Ng4 17. h3 Nxe3 18. Rxe3 Qf6 19. Rae1 Rxe3 20. Qxe3
h6 21. Nd2 Be6 22. Nde4 Qg6 23. Nxd6 cxd6 24. Ne4 Bd5 25. Ng3 Bxa2 26. b3 Rb8
27. Qf4 Bxb3 28. Nf5 Kh7 29. Nxd6 Rd8 30. Nf5 Be6 31. Ng3 Qg5 32. Qe4+ Qg6 33.
Qxc6 Rxd4 34. Qc7 Ra4 35. Rd1 Ra2 36. Rd8 Qf6 37. Qb8 Qxf2+ {Normal} 0-1

[Event "Rated Blitz tournament autumn21"]
[Site "?"]
[Date "2021.10.23"]
[Round "?"]
[White "ColdBloodShed"]
[Black "ART25"]
[Result "1/2-1/2"]
[WhiteElo "2563"]
[BlackElo "2216"]
[PlyCount "44"]
[EventDate "2021.??.??"]
[EventType "blitz"]

1. e4 e5 2. Nf3 d5 3. exd5 e4 4. Qe2 Nf6 5. Nc3 Be7 6. Nxe4 O-O 7. Nxf6+ Bxf6
8. d4 Re8 9. Be3 Qxd5 10. Qb5 Qxb5 11. Bxb5 c6 12. Bd3 Bg4 13. Be2 Bxf3 14.
Bxf3 Bxd4 15. O-O-O Bxe3+ 16. fxe3 Na6 17. Rd7 Rab8 18. Rf1 Nc5 19. Rc7 Ne6 20.
Rd7 Nc5 21. Rc7 Ne6 22. Rd7 Nc5 {Normal} 1/2-1/2

[Event "Rated Blitz tournament autumn21"]
[Site "?"]
[Date "2021.10.23"]
[Round "?"]
[White "NightOFzero"]
[Black "Artem_0degov"]
[Result "0-1"]
[WhiteElo "2421"]
[BlackElo "2548"]
[PlyCount "98"]
[EventDate "2021.??.??"]
[EventType "blitz"]

1. e4 e5 2. Nf3 d5 3. exd5 e4 4. Ng1 Qxd5 5. Nc3 Qe5 6. Be2 Nf6 7. d3 exd3 8.
cxd3 Nc6 9. Be3 Bb4 10. Nf3 Bxc3+ 11. bxc3 Qxc3+ 12. Bd2 Qc5 13. O-O O-O 14.
Be3 Qd6 15. d4 Bg4 16. h3 Bh5 17. Nd2 Bxe2 18. Qxe2 Nxd4 19. Qd1 Rad8 20. Rc1
c6 21. Nc4 Qd5 22. Bxd4 Qxd4 23. Qb3 b6 24. Ne3 c5 25. Rc4 Qe5 26. Ng4 Nxg4 27.
Rxg4 Rfe8 28. Rg3 Qe6 29. Qf3 f6 30. Qb7 Re7 31. Qa6 h5 32. h4 Kh7 33. Re3 Qd6
34. Rg3 Rde8 35. Kh1 Re1 36. Rxe1 Rxe1+ 37. Kh2 Qd1 38. Rf3 Rh1+ 39. Kg3 Qd6+
40. Rf4 g5 41. Qxa7+ Kh6 42. hxg5+ fxg5 43. Kf3 Qxf4+ 44. Ke2 Qe4+ 45. Kd2 Qd4+
46. Kc2 Qxf2+ 47. Kb3 Rb1+ 48. Ka3 Qb2+ 49. Ka4 Qxa2# {Normal} 0-1

[Event "Rated Blitz tournament autumn21"]
[Site "?"]
[Date "2021.10.23"]
[Round "?"]
[White "Taktychenko"]
[Black "MischieviousPawn"]
[Result "1-0"]
[WhiteElo "2413"]
[BlackElo "2382"]
[PlyCount "87"]
[EventDate "2021.??.??"]
[EventType "blitz"]

1. e4 e5 2. Nf3 d5 3. exd5 e4 4. Qe2 Nf6 5. d3 Qxd5 6. Nc3 Bb4 7. Nd2 Bxc3 8.
bxc3 O-O 9. Nxe4 Qc6 10. Nxf6+ Qxf6 11. Bb2 Nc6 12. O-O-O Bf5 13. Qf3 Qe6 14.
c4 Bg6 15. h4 Rae8 16. h5 Bf5 17. Qg3 g6 18. d4 Nb4 19. d5 Qa6 20. a3 Nxc2 21.
Bd3 Bxd3 22. Qxd3 Nxa3 23. Qxa3 Qxc4+ 24. Qc3 Qxc3+ 25. Bxc3 Re2 26. Rd2 Rfe8
27. hxg6 fxg6 28. Rhd1 Kf7 29. f3 b6 30. Rxe2 Rxe2 31. Rd2 Rxd2 32. Kxd2 Ke7
33. Kd3 Kd6 34. Kd4 c5+ 35. dxc6 Kxc6 36. f4 Kd7 37. Kd5 Ke7 38. Bd4 Kf7 39.
Be5 h5 40. g3 a5 41. Bc7 a4 42. Bxb6 a3 43. Bc5 a2 44. Bd4 {Time forfeit} 1-0

[Event "Rated Blitz tournament autumn21"]
[Site "?"]
[Date "2021.10.23"]
[Round "?"]
[White "runtilmorrow"]
[Black "vovaches"]
[Result "1/2-1/2"]
[WhiteElo "2282"]
[BlackElo "2457"]
[PlyCount "138"]
[EventDate "2021.??.??"]
[EventType "blitz"]

1. e4 e5 2. Nf3 d5 3. Nxe5 Bd6 4. d4 dxe4 5. Nc3 Nf6 6. Bc4 Bxe5 7. dxe5 Qxd1+
8. Nxd1 Ng4 9. Bf4 Nc6 10. Nc3 Ngxe5 11. Bb5 Bd7 12. Nxe4 O-O-O 13. O-O-O Rhe8
14. Nc5 Bf5 15. Bxe5 Rxe5 16. Bxc6 Rxc5 17. Bxb7+ Kxb7 18. Rxd8 Rxc2+ 19. Kd1
Rxb2 20. Re1 Rxf2 21. Rd2 Bg4+ 22. Kc1 Rf6 23. Re7 Rc6+ 24. Kb2 Be6 25. a3 Rb6+
26. Ka1 a5 27. Rb2 Rxb2 28. Kxb2 Kb6 29. Re8 c6 30. Rg8 g6 31. h4 h5 32. Rd8
Kc5 33. Kc3 Bd5 34. Ra8 Kb6 35. g3 Be6 36. Kd4 Kb5 37. Ke5 Ka4 38. Kd6 Bd5 39.
Kc5 Kxa3 40. Rxa5+ Kb3 41. Ra7 Kc2 42. Kd4 Kd1 43. Ra3 Ke2 44. Ke5 Kf2 45. Kf6
Be6 46. Rc3 Bd5 47. Kg7 Ke2 48. Kf6 Kd2 49. Ra3 Be6 50. Ra5 Kd3 51. Rc5 Bd5 52.
Ke5 Ke3 53. Rc3+ Kf2 54. Kf6 Kg2 55. Kg7 Kh3 56. Kf6 Kg4 57. Ke5 Bf3 58. Kf6
Bd5 59. Ke5 f5 60. Kf6 f4 61. gxf4 Kxf4 62. Kxg6 Kg4 63. Kf6 Kxh4 64. Kf5 Bg2
65. Kf4 Bd5 66. Rd3 Be6 67. Rc3 Bd5 68. Rd3 Be6 69. Rc3 Bd5 {Normal} 1/2-1/2

[Event "Rated Blitz game"]
[Site "?"]
[Date "2021.10.23"]
[Round "?"]
[White "Muratt_Chess"]
[Black "mariusz95"]
[Result "1-0"]
[WhiteElo "2401"]
[BlackElo "2521"]
[PlyCount "61"]
[EventDate "2021.??.??"]
[EventType "blitz"]

1. e4 e5 2. Nf3 d5 3. exd5 e4 4. Qe2 Nf6 5. Nc3 Be7 6. Nxe4 O-O 7. d3 Nxd5 8.
c4 Nb4 9. a3 N4c6 10. Be3 f5 11. Nc3 f4 12. Bd2 Bg4 13. O-O-O Nd4 14. Qe4 Nbc6
15. Nd5 Bxf3 16. gxf3 Nb3+ 17. Kb1 Nxd2+ 18. Rxd2 Bd6 19. Rg1 Re8 20. Qf5 Nd4
21. Nf6+ Kf7 22. Qh5+ Kxf6 23. Qg5+ Kf7 24. Qxg7+ Ke6 25. Bh3+ Nf5 26. Bxf5+
Kxf5 27. Qxh7+ Ke5 28. Re2+ Kd4 29. Re4+ Kc5 30. Qh5+ Kc6 31. Qb5# {Normal} 1-0

[Event "Rated Blitz tournament autumn21"]
[Site "?"]
[Date "2021.10.23"]
[Round "?"]
[White "Hikogua"]
[Black "Artem_0degov"]
[Result "0-1"]
[WhiteElo "2536"]
[BlackElo "2501"]
[PlyCount "104"]
[EventDate "2021.??.??"]
[EventType "blitz"]

1. e4 e5 2. Nf3 d5 3. Nxe5 Bd6 4. d4 dxe4 5. Nc3 Bxe5 6. dxe5 Qxd1+ 7. Nxd1 Nc6
8. Nc3 Bf5 9. Bf4 Nge7 10. O-O-O Ng6 11. Bg3 h5 12. h4 Ngxe5 13. Bb5 a6 14. Ba4
O-O 15. Rhe1 b5 16. Bb3 Rfe8 17. Nxe4 Na5 18. Nc5 Nxb3+ 19. axb3 Nc6 20. Bxc7
Nb4 21. Rxe8+ Rxe8 22. Rd8 Rxd8 23. Bxd8 Nxc2 24. Nxa6 Nd4 25. b4 f6 26. Kd2
Kf7 27. Kc3 Nc6 28. Bb6 Be4 29. g3 Bd5 30. Nc5 g5 31. hxg5 fxg5 32. Kd3 h4 33.
gxh4 gxh4 34. Bc7 Nxb4+ 35. Kd4 Bf3 36. Nb7 Bxb7 37. Kc5 Na6+ 38. Kxb5 Nxc7+
39. Kb6 h3 40. Kxb7 h2 41. b4 h1=Q+ 42. Kxc7 Qd5 43. b5 Qxb5 44. f4 Qf5 45. Kd6
Qxf4+ 46. Kd7 Qd4+ 47. Kc8 Ke7 48. Kb7 Qc4 49. Ka8 Qb5 50. Ka7 Kd7 51. Ka8 Kc7
52. Ka7 Qa5# {Normal} 0-1

[Event "Rated Blitz tournament autumn21"]
[Site "?"]
[Date "2021.10.23"]
[Round "?"]
[White "Tremil_2"]
[Black "vovaches"]
[Result "0-1"]
[WhiteElo "2293"]
[BlackElo "2482"]
[PlyCount "110"]
[EventDate "2021.??.??"]
[EventType "blitz"]

1. e4 e5 2. Nf3 d5 3. exd5 e4 4. Qe2 Nf6 5. Nc3 Be7 6. Nxe4 O-O 7. Ng3 Nxd5 8.
c3 Nf4 9. Qe4 Re8 10. d4 Bd6 11. Ne5 Ng6 12. f4 Nc6 13. Bc4 Be6 14. d5 Ncxe5
15. fxe5 Bxe5 16. dxe6 fxe6 17. O-O Qd6 18. Be3 Bxg3 19. hxg3 Qxg3 20. Bxe6+
Kh8 21. Bd4 Nh4 22. Rf7 Rxe6 23. Rxg7 Rxe4 24. Rxg3+ Rxd4 25. cxd4 Nf5 26. Rc3
c6 27. Rd1 Rd8 28. d5 cxd5 29. Rcd3 d4 30. g4 Rg8 31. Kf2 Rxg4 32. Rf3 Rg5 33.
Rh1 Kg7 34. Rfh3 h6 35. Kf3 Kf6 36. Kf4 Rg2 37. Rh5 Rf2+ 38. Kg4 Ne3+ 39. Kg3
Rxb2 40. Rxh6+ Ke5 41. R6h5+ Ke4 42. R5h4+ Kd3 43. Rh7 a5 44. R1h2 Nf1+ 45. Kf4
Rxh2 46. Rxb7 Rxa2 47. Rb5 Kc4 48. Rb8 Rf2+ 49. Ke4 Nd2+ 50. Ke5 Kc3 51. Rc8+
Nc4+ 52. Kd5 Rf5+ 53. Ke4 Re5+ 54. Kf4 d3 55. Rd8 d2 {Normal} 0-1

[Event "Rated Blitz game"]
[Site "?"]
[Date "2021.10.23"]
[Round "?"]
[White "MrTarrasch"]
[Black "Dzon_Vejn"]
[Result "1/2-1/2"]
[WhiteElo "2500"]
[BlackElo "2510"]
[PlyCount "152"]
[EventDate "2021.??.??"]
[EventType "blitz"]

1. e4 e5 2. Nf3 d5 3. exd5 e4 4. Qe2 Nf6 5. Nc3 Be7 6. Nxe4 O-O 7. Nxf6+ Bxf6
8. d4 Qxd5 9. Be3 Bf5 10. h3 Nc6 11. c3 Rfe8 12. g4 Be4 13. Bg2 h5 14. O-O-O b5
15. b3 a5 16. c4 bxc4 17. Qxc4 Qd6 18. Qc5 Nb4 19. Qxd6 cxd6 20. Kb2 Nd3+ 21.
Rxd3 Bxd3 22. gxh5 Be4 23. Rc1 Rac8 24. Rxc8 Rxc8 25. Ne1 Bxg2 26. Nxg2 Kf8 27.
h6 gxh6 28. Bxh6+ Ke7 29. Be3 Kd7 30. Nf4 Rh8 31. Kc3 Bg5 32. Nd5 Bxe3 33. fxe3
Rxh3 34. Kc4 Kc6 35. a3 Rg3 36. b4 axb4 37. axb4 Rg1 38. b5+ Kd7 39. Nc3 Rc1
40. e4 f6 41. Kb4 Ke6 42. Nd5 Re1 43. Nc3 Rd1 44. Kc4 Rc1 45. b6 Kd7 46. Kb4
Kc6 47. Nd5 Rb1+ 48. Kc4 Rc1+ 49. Kb4 Rf1 50. Kc4 Rf2 51. Kb4 Rh2 52. Kc4 Rh4
53. Nxf6 Rh2 54. b7 Rh1 55. b8=Q Rc1+ 56. Kd3 Rd1+ 57. Ke2 Ra1 58. Qc8+ Kb5 59.
Qd7+ Kc4 60. Qxd6 Ra2+ 61. Kf3 Ra3+ 62. Kf4 Kb3 63. Ke5 Kb2 64. Qd5 Rb3 65. Qc5
Rc3 66. Qxc3+ Kxc3 67. d5 Kd2 68. d6 Kd3 69. d7 Ke3 70. d8=Q Kf2 71. Qd6 Kf3
72. Ke6 Ke2 73. Kf7 Ke3 74. e5 Ke2 75. e6 Ke3 76. e7 Kf2 {Time forfeit} 1/2-1/2

[Event "Rated Blitz game"]
[Site "?"]
[Date "2021.10.22"]
[Round "?"]
[White "Andep123"]
[Black "Annali-annaliew1979"]
[Result "0-1"]
[WhiteElo "2455"]
[BlackElo "2444"]
[PlyCount "68"]
[EventDate "2021.??.??"]
[EventType "blitz"]

1. e4 e5 2. Nf3 d5 3. Nxe5 Qe7 4. d4 f6 5. Nd3 Nc6 6. c3 Bf5 7. Be2 Bxe4 8. O-O
Qf7 9. Re1 O-O-O 10. Nd2 Bd6 11. Nxe4 dxe4 12. Nf4 f5 13. h4 Nf6 14. Be3 Kb8
15. b4 Ne7 16. Qa4 Nc8 17. c4 h6 18. h5 Bxf4 19. Bxf4 Nxh5 20. Be5 Nf6 21. c5
Qe6 22. Rab1 Ng4 23. Bxg4 fxg4 24. Rxe4 Qf5 25. Rc1 Qxe4 26. b5 Rhe8 27. c6
Rxe5 28. cxb7 Kxb7 29. Qa6+ Kb8 30. dxe5 Qxe5 31. Qc6 g3 32. fxg3 Nb6 33. Qf3
h5 34. Qf7 Qe3+ {Normal} 0-1

[Event "Rated Blitz game"]
[Site "?"]
[Date "2021.10.22"]
[Round "?"]
[White "Lil_Drill"]
[Black "SerialDrinker"]
[Result "0-1"]
[WhiteElo "2403"]
[BlackElo "2323"]
[PlyCount "34"]
[EventDate "2021.??.??"]
[EventType "blitz"]

1. e4 e5 2. Nf3 d5 3. Nxe5 Bd6 4. d4 dxe4 5. Nc4 Be7 6. Nc3 f5 7. Bf4 Nf6 8.
Ne5 O-O 9. Bc4+ Kh8 10. Nf7+ Rxf7 11. Bxf7 c6 12. Qd2 Nbd7 13. Be6 Nb6 14. Bxc8
Rxc8 15. O-O-O Nfd5 16. Nxd5 Nxd5 17. Be5 Bg5 {Normal} 0-1

[Event "Rated Blitz game"]
[Site "?"]
[Date "2021.10.22"]
[Round "?"]
[White "Rvlc"]
[Black "GoughPhar"]
[Result "1/2-1/2"]
[WhiteElo "2374"]
[BlackElo "2457"]
[PlyCount "143"]
[EventDate "2021.??.??"]
[EventType "blitz"]

1. e4 e5 2. Nf3 d5 3. exd5 e4 4. Qe2 Nf6 5. d3 Qxd5 6. Nc3 Bb4 7. dxe4 Qxe4 8.
Bd2 Qxe2+ 9. Bxe2 Nc6 10. Nb5 Kd8 11. O-O-O Bd7 12. Bxb4 Nxb4 13. Ne5 a6 14.
Nxd7 Nxd7 15. Bg4 axb5 16. Rxd7+ Ke8 17. Re1+ Kf8 18. a3 Nc6 19. Rxc7 b4 20.
Rxb7 bxa3 21. bxa3 g6 22. Bf3 Nd4 23. Ree7 Nxf3 24. Rxf7+ Ke8 25. Rxf3 Rf8 26.
Re3+ Kd8 27. f3 h5 28. Rg7 Ra6 29. Rb3 Kc8 30. Rc3+ Kb8 31. h4 Ka8 32. g4 hxg4
33. fxg4 Rh8 34. h5 gxh5 35. gxh5 Rah6 36. Rc5 Rxh5 37. Rxh5 Rxh5 38. Rg3 Ka7
39. Kb2 Ka6 40. Rb3 Ka5 41. Rb8 Rh3 42. c3 Ka4 43. Ra8+ Kb5 44. Kb3 Rh4 45.
Rb8+ Ka5 46. Rb4 Rh3 47. Rd4 Rh1 48. Rd5+ Kb6 49. Kc4 Rh4+ 50. Kb3 Rg4 51. Rd4
Rg3 52. Kb4 Rg1 53. a4 Rb1+ 54. Kc4 Ra1 55. Kd5 Ka5 56. Rb4 Rd1+ 57. Kc4 Rh1
58. Kb3 Rh4 59. Rg4 Rh3 60. Rg5+ Ka6 61. Rb5 Rh1 62. Kc4 Rh3 63. Rb4 Rh4+ 64.
Kb3 Rh5 65. c4 Rh3+ 66. Ka2 Ka5 67. Rb3 Rh2+ 68. Ka3 Rh1 69. Rb5+ Ka6 70. Rh5
Rh3+ 71. Rxh3 Ka5 72. Rh6 {Normal} 1/2-1/2

[Event "Rated Blitz game"]
[Site "?"]
[Date "2021.10.22"]
[Round "?"]
[White "fiskaren"]
[Black "Larenim"]
[Result "1-0"]
[WhiteElo "2483"]
[BlackElo "2310"]
[PlyCount "101"]
[EventDate "2021.??.??"]
[EventType "blitz"]

1. e4 e5 2. Nf3 d5 3. exd5 e4 4. Qe2 Nf6 5. d3 Qxd5 6. Nbd2 Bf5 7. Nh4 Bg4 8.
f3 Qh5 9. g3 Be6 10. Nxe4 Nbd7 11. Ng5 O-O-O 12. Nxe6 fxe6 13. Bd2 Ne5 14. f4
Nc6 15. Qxh5 Nxh5 16. Bh3 Kb8 17. O-O-O e5 18. f5 Nf6 19. Rde1 Bc5 20. Nf3 Rhe8
21. Ng5 Nd4 22. Rhf1 h6 23. Nf7 Rd7 24. Nxe5 Rde7 25. Ng6 Rxe1+ 26. Rxe1 Rxe1+
27. Bxe1 Nf3 28. Bc3 Be3+ 29. Kd1 Nd5 30. Bxg7 Bg1 31. f6 Ne3+ 32. Ke2 Nd4+ 33.
Kd2 Nf3+ 34. Kc1 Ng5 35. Ne5 Nd5 36. f7 Be3+ 37. Kd1 Nxf7 38. Nxf7 Bc5 39. Bxh6
Ne3+ 40. Kd2 Nd5 41. c3 Be3+ 42. Bxe3 Nxe3 43. Kxe3 a6 44. d4 Ka7 45. Bg2 b6
46. h4 b5 47. h5 Kb6 48. h6 c5 49. h7 c4 50. h8=Q b4 51. Qb8+ {Normal} 1-0

[Event "Rated Blitz game"]
[Site "?"]
[Date "2021.10.22"]
[Round "?"]
[White "Svjatoslav143"]
[Black "RCompany_1"]
[Result "1-0"]
[WhiteElo "2450"]
[BlackElo "2388"]
[PlyCount "27"]
[EventDate "2021.??.??"]
[EventType "blitz"]

1. e4 e5 2. Nf3 d5 3. d4 dxe4 4. Nxe5 Bd6 5. Nc4 Be7 6. Nc3 Nf6 7. Bg5 O-O 8.
Be2 Nc6 9. d5 Nxd5 10. Bxe7 Ncxe7 11. Nxe4 Nf4 12. O-O Be6 13. Ne3 Qd5 14. Nxd5
{Normal} 1-0

[Event "Rated Blitz tournament QTDrmtFR"]
[Site "?"]
[Date "2021.10.22"]
[Round "?"]
[White "RodrigoMoreno_PUCP"]
[Black "arrashii"]
[Result "1-0"]
[WhiteElo "2408"]
[BlackElo "2287"]
[PlyCount "115"]
[EventDate "2021.??.??"]
[EventType "blitz"]

1. e4 e5 2. Nf3 d5 3. Nxe5 dxe4 4. Bc4 Qd4 5. Bxf7+ Ke7 6. Bxg8 Qxe5 7. Bb3 Kd8
8. Nc3 Nc6 9. Qe2 Bf5 10. O-O Bd6 11. g3 Nd4 12. Qh5 Nf3+ 13. Kg2 g6 14. Qh6
Kd7 15. d3 Raf8 16. Bf4 Qd4 17. Bxd6 cxd6 18. Qe3 Qxe3 19. fxe3 Nd2 20. Rfd1
Nxb3 21. axb3 Bg4 22. Rf1 Bf3+ 23. Kg1 exd3 24. cxd3 a6 25. e4 Bg4 26. Nd5 Bh3
27. Rf4 g5 28. Rxf8 Rxf8 29. Re1 Rf3 30. Ne3 h5 31. d4 Kc6 32. b4 Kb5 33. Nd5
Rb3 34. Nc3+ Kxb4 35. Nd5+ Kc4 36. Kf2 Kxd4 37. Nf6 Rxb2+ 38. Re2 Rxe2+ 39.
Kxe2 b5 40. Kd2 b4 41. Kc2 a5 42. Kb2 a4 43. Nd5 Kc4 44. Ne3+ Kd3 45. Nf5 Kxe4
46. Nxd6+ Kf3 47. Nc4 Kg2 48. Nb6 Kxh2 49. Nxa4 Kxg3 50. Nc5 g4 51. Ne4+ Kg2
52. Nf6 Kh1 53. Nxh5 g3 54. Nxg3+ Kg2 55. Ne4 b3 56. Nd2 Be6 57. Ne4 Kf3 58.
Nc3 {Time forfeit} 1-0